Estimating in 3D: the next dimension (Record no. 118054)

MARC details
000 -LEADER
fixed length control field 01039cam a2200229 4500
001 - CONTROL NUMBER
control field ABS68281
008 - FIXED-LENGTH DATA ELEMENTS--GENERAL INFORMATION
fixed length control field 040924n2004 000 0 eng u
035 ## - SYSTEM CONTROL NUMBER
System control number (Sirsi) u127520
100 ## - MAIN ENTRY--PERSONAL NAME
Personal name Barmania, A.
245 ## - TITLE STATEMENT
Title Estimating in 3D: the next dimension
260 ## - PUBLICATION, DISTRIBUTION, ETC.
Date of publication, distribution, etc. 2004
490 ## - SERIES STATEMENT
Series statement Cost Engineer
Volume/sequential designation 42(5) September 2004, 14-19(6)
520 ## - SUMMARY, ETC.
Summary, etc. This conference paper from the ICEC 2004 World Conference presents an overview of current projects looking at the estimating process. Table itemises owner estimate classes. Figures illustrate a simplified estimating workflow, a typical estimating screen, Computer-Aided Estimating (CAE) and estimating interface, and an interface with project management software. Concludes that the use of CAE can help streamline and accelerate the economic evaluation process.
590 ## - LOCAL NOTE (RLIN)
Local note ABS
590 ## - LOCAL NOTE (RLIN)
Local note ABS
650 ## - SUBJECT ADDED ENTRY--TOPICAL TERM
Topical term or geographic name entry element ESTIMATING
650 ## - SUBJECT ADDED ENTRY--TOPICAL TERM
Topical term or geographic name entry element COMPUTER-AIDED ESTIMATING
650 ## - SUBJECT ADDED ENTRY--TOPICAL TERM
Topical term or geographic name entry element ESTIMATING SOFTWARE
690 ## - LOCAL SUBJECT ADDED ENTRY--TOPICAL TERM (OCLC, RLIN)
Topical term or geographic name as entry element QUANTITY SURVEYING
9 (RLIN) 6263
700 ## - ADDED ENTRY--PERSONAL NAME
Personal name McMullan, L.
942 ## - ADDED ENTRY ELEMENTS (KOHA)
Suppress in OPAC 0
Holdings
Withdrawn status Lost status Source of classification or shelving scheme Damaged status Not for loan Home library Current library Shelving location Date acquired Total Checkouts Full call number Barcode Date last seen Copy number Price effective from Koha item type
    Dewey Decimal Classification     London London Journal article 24/09/2004   ABS68281 127520-1001 06/08/2019 1 06/08/2019 Journal article